00408nam a2200145Ia 4500008004100000020001500041041001200056082001600068100001300084245009500097260003300192300000700225650001600232700001400248221030s9999 xx 000 0 und d a8175440600 aEnglish a105.23bMeh aS. Mehta 0aWheeler`s Question Bank Series - MIS Mangaement Information Systemcby S. Mehta, R. Bangia bWheeler PubaNew Delhic1998 a88 aBE Computer aR. Bangia